• 首页
  • 本馆介绍
  • 公告通知
  • 最新文献
  • 馆藏检索
  • 电子资源
  • 读者导购
  • 参考咨询
  • 我的图书馆
  • 登录
  • 详细信息显示
  • 放入我的书架
  • 预约/预借图书
  • 作者相关作品
  • 分类相关作品
  • 丛书相关作品
  • 出版社相关作品

书目信息

  • 表格格式
  • 工作单格式
  • 卡片格式
题名:
造血干细胞理论与移植技术
    
 
作者: 韩忠朝 ;韩明哲
分册:  
出版信息: 河南   河南科学技术出版社  2000
页数: 297
开本: 26cm
丛书名:
单 册:
中图分类: R331.2
科图分类:
主题词: 人体生理学
电子资源:
ISBN: 7-5349-2420-0
000 00602nam0 2200193 450
001 0741144344
005 20070817112544.34
010    @a7-5349-2420-0@b精装@d¥45.00
100    @a20070817d km y0chiy0120 ea
101 0  @achi
200 1  @a造血干细胞理论与移植技术@Azao xue gan xi bao li lun yu yi zhi ji shu@f韩忠朝@Fhan zhong chao@g韩明哲@Ghan ming zhe
210    @a河南@c河南科学技术出版社@d2000
215    @a297@d26cm
606 0  @a人体生理学
690    @aR331.2@v3
701  0 @a韩忠朝@Ahan zhong chao
702  0 @a韩明哲@Ahan ming zhe
801  0 @aCN@bPFT@c20070817
905    @a213230@dR331.2@en1@f1
    
    造血干细胞理论与移植技术/韩忠朝/韩明哲.-河南:河南科学技术出版社,2000
    297;26cm
    
    
    ISBN 7-5349-2420-0(精装):¥45.00
    
●
相关链接 在E读中查询图书 在五车中查询图书 在当当中查询图书 在豆瓣中查询图书


正题名:造血干细胞理论与移植技术     索取号:R331.2/n1         预约/预借

序号 登录号 条形码 馆藏地/架位号 状态 备注
1 6600900   266009008   密集书库-生命科学系/ [索取号:R331.2/n1] 在馆    
唐山师范学院图书馆 欢迎您!
大连网信软件有限公司© 版权所有